Central Library OPAC University of Rajshahi

মাঠ নির্দেশিকা : (Record no. 52584)

MARC details
000 -LEADER
fixed length control field 01473nam a2200265 a 4500
001 - CONTROL NUMBER
control field 52584
003 - CONTROL NUMBER IDENTIFIER
rucl marc code BD-RjUL
005 - DATE AND TIME OF LATEST TRANSACTION
control field 20211209075830.0
008 - FIXED-LENGTH DATA ELEMENTS--GENERAL INFORMATION
fixed length control field 160922s1995 bg a|||| |||| 00| 0 ben d
020 ## - INTERNATIONAL STANDARD BOOK NUMBER
International Standard Book Number 9290580917
035 ## - SYSTEM CONTROL NUMBER
System control number (BD-RjUL)52704
040 ## - CATALOGING SOURCE
Original cataloging agency BD-RjUL
Language of cataloging ben
Transcribing agency BD-RjUL
Modifying agency BD-RjUL
041 ## - LANGUAGE CODE
Language code of text/sound track or separate title ben
082 ## - DEWEY DECIMAL CLASSIFICATION NUMBER
Edition number 23
Classification number 635.92
Author mark and year PAM 1995
100 1# - MAIN ENTRY--PERSONAL NAME
Personal name পার্কার, ব্রুস এল
9 (RLIN) 157224
245 10 - TITLE STATEMENT
Title মাঠ নির্দেশিকা :
Remainder of title এশিয়ার উষ্ণ ও অব-উষ্ণ অঞ্চলের নির্বাচিত সব্‌জিসমূহের অনিষ্টকারী কীটপতঙ্গ /
Statement of responsibility, etc. ব্রুস এল পার্কার, এন এস তালেকার, ও মার্গারেট স্কিনার ; আউয়াল আহমেদ, অনুবাদক
260 ## - PUBLICATION, DISTRIBUTION, ETC. (IMPRINT)
Place of publication, distribution, etc. চায়না
Name of publisher, distributor, etc. এশিয়ান ভেজিটেবল রিসার্চ এণ্ড ডেভেলপমেন্ট সেন্টার,
Date of publication, distribution, etc. ১৯৯৫
300 ## - PHYSICAL DESCRIPTION
Pagination ১৬৪ পৃ. :
Illustrations চিত্র ;
Size ১১ সেমি.
650 ## - SUBJECT ADDED ENTRY--TOPICAL TERM
Topical term or geographic name as entry element ছত্রাক রোগ
9 (RLIN) 138757
Topical term or geographic name as entry element Fungus diseases
9 (RLIN) 157477
700 ## - ADDED ENTRY--PERSONAL NAME
Personal name তালেকার, এন এস
Personal name স্কিনার, মার্গারেট
Personal name আহমেদ, আউয়াল অনুবাদক
942 ## - ADDED ENTRY ELEMENTS (KOHA)
Source of classification or shelving scheme Dewey Decimal Classification
Koha item type Books
Holdings
Lost status Source of classification or shelving scheme Damaged status Not for loan Collection code Permanent Location Current Location Shelving location Date acquired Source of acquisition Total Checkouts Full call number Date last seen Copy number Koha item type
  Dewey Decimal Classification     Non-fiction Central Library, University of Rajshahi Central Library, University of Rajshahi   19/09/2000 Author   B 635.92 PAM 1995 25/09/2016 C-2 Books
  Dewey Decimal Classification     Non-fiction Central Library, University of Rajshahi Central Library, University of Rajshahi   19/09/2000 Author   B 635.92 PAM 1995 25/09/2016 C-3 Books
  Dewey Decimal Classification     Non-fiction Central Library, University of Rajshahi Central Library, University of Rajshahi   19/09/2000 Author   B 635.92 PAM 1995 25/09/2016 C-4 Books
  Dewey Decimal Classification     Non-fiction Central Library, University of Rajshahi Central Library, University of Rajshahi   19/09/2000 Author   B 635.92 PAM 1995 25/09/2016 C-5 Books